Child Health Nursing Solved Question Papers for MSc Nursing University Exams 1st & 2nd Year (Record no. 369289)
[ view plain ]
| 000 -LEADER | |
|---|---|
| fixed length control field | 00530nam a2200169 4500 |
| 005 - DATE AND TIME OF LATEST TRANSACTION | |
| control field | 20251205154722.0 |
| 008 - FIXED-LENGTH DATA ELEMENTS--GENERAL INFORMATION | |
| fixed length control field | 251205b |||||||| |||| 00| 0 eng d |
| 020 ## - INTERNATIONAL STANDARD BOOK NUMBER | |
| International Standard Book Number | 978-93-90619-66-5 |
| 041 ## - LANGUAGE CODE | |
| Language code of text/sound track or separate title | Eng |
| 082 ## - DEWEY DECIMAL CLASSIFICATION NUMBER | |
| Edition number | 1st ed 2024 |
| Classification number | P 610.7362 SAN |
| Item number | B11966 |
| 100 ## - MAIN ENTRY--PERSONAL NAME | |
| Author | Sanjna Kumari |
| 245 ## - TITLE STATEMENT | |
| Title | Child Health Nursing Solved Question Papers for MSc Nursing University Exams 1st & 2nd Year |
| 260 ## - PUBLICATION, DISTRIBUTION, ETC. | |
| Place of publication, distribution, etc. | New Delhi |
| Name of publisher, distributor, etc. | CBS Publishers |
| Date of publication, distribution, etc. | 2024 |
| 300 ## - PHYSICAL DESCRIPTION | |
| Extent | lxiv,244p |
| Other physical details | pb |
| Dimensions | 24x17cm |
| 365 ## - TRADE PRICE | |
| Price type code | Rupaye |
| Price amount | 495 |
| Currency code | INR |
| 942 ## - ADDED ENTRY ELEMENTS (KOHA) | |
| Koha item type | Books |
| Withdrawn status | Lost status | Source of classification or shelving scheme | Damaged status | Not for loan | Collection code | Home library | Current library | Date acquired | Vendor | Net Price | Bill number | Total Checkouts | Full call number | Barcode | Date last seen | Discount | Actual Price | Bill Date | Koha item type | Original Barcode |
|---|---|---|---|---|---|---|---|---|---|---|---|---|---|---|---|---|---|---|---|---|
| Dewey Decimal Classification | Non-fiction | Smt. Bakul Tambat Institute of Nursing Education | Smt. Bakul Tambat Institute of Nursing Education | 18/11/2025 | Patil Medical Book | 306.90 | 2026 | P 610.7362 SAN B11966 | BTIN-BK-11966 | 05/12/2025 | 38% | 495.00 | 29/10/2025 | Books | BTIN-BK-11966 | |||||
| Dewey Decimal Classification | Non-fiction | Smt. Bakul Tambat Institute of Nursing Education | Smt. Bakul Tambat Institute of Nursing Education | 18/11/2025 | Patil Medical Book | 306.90 | 2026 | P 610.7362 SAN B11967 | BTIN-BK-11967 | 05/12/2025 | 38% | 495.00 | 29/10/2025 | Books | BTIN-BK-11967 |